[Event "Montreal Mercredi 11"]
[Site "Montreal CAN"]
[Date "2007.11.21"]
[Round "1"]
[White "Guindon, Alex"]
[Black "Wensel, Jean"]
[Result "1-0"]
[WhiteElo "1350"]
[BlackElo "1308"]
[PlyCount "61"]
[GameId "2160767910566011"]
[EventDate "2007.11.21"]
[EventType "swiss"]
[EventRounds "5"]
[EventCountry "CAN"]
[SourceTitle "EXT 2022"]
[Source "ChessBase"]
[SourceDate "2021.10.06"]
[SourceVersion "1"]
[SourceVersionDate "2021.10.06"]
[SourceQuality "1"]

1. d4 Nf6 2. Nf3 g6 3. Bf4 Bg7 4. e3 c5 5. Be2 Qa5+ 6. Nbd2 Nc6 7. O-O cxd4 8. exd4 Nh5 9. Nb3 Qb6 10. Be3 Qc7 11. c3 d6 12. Qd2 Bg4 13. h3 Bc8 14. Rfe1 O-O 15. Bh6 e5 16. Bxg7 Kxg7 17. Rad1 e4 18. Ng5 d5 19. Bxh5 gxh5 20. Nxe4 dxe4 21. Qg5+ Kh8 22. Rxe4 f5 23. Rh4 b6 24. Re1 Bb7 25. Qxh5 Rad8 26. Re6 Rd7 27. Re8 Rxe8 28. Qxe8+ Kg7 29. Qh5 Kh8 30. Qxf5 Re7 31. Qf8# 1-0

[Event "Montreal Mercredi 11"]
[Site "Montreal CAN"]
[Date "2007.11.21"]
[Round "1"]
[White "Lemieux, Serge"]
[Black "Bergeron, Rene"]
[Result "1-0"]
[WhiteElo "1536"]
[BlackElo "1521"]
[PlyCount "105"]
[GameId "2160767910566012"]
[EventDate "2007.11.21"]
[EventType "swiss"]
[EventRounds "5"]
[EventCountry "CAN"]
[SourceTitle "EXT 2022"]
[Source "ChessBase"]
[SourceDate "2021.10.06"]
[SourceVersion "1"]
[SourceVersionDate "2021.10.06"]
[SourceQuality "1"]

1. d4 d5 2. c4 dxc4 3. Nc3 e6 4. e4 Nf6 5. Bg5 Be7 6. Bxc4 O-O 7. Nf3 a6 8. Qc2 b5 9. Bd3 h6 10. Bh4 Bb7 11. a3 Nc6 12. Ne2 Nh5 13. Bg3 Nxg3 14. hxg3 Na5 15. b4 Nc6 16. O-O Rc8 17. Rfd1 Qe8 18. Rac1 Bg5 19. Nf4 e5 20. dxe5 Nxe5 21. Nxg5 hxg5 22. Nd5 Bxd5 23. exd5 Nxd3 24. Qxd3 Qe5 25. Rc6 Ra8 26. Rdc1 Rfd8 27. Rxc7 Qxd5 28. Qxd5 Rxd5 29. Kf1 Rd3 30. R7c3 Rad8 31. Ke2 Rd2+ 32. Ke3 Kf8 33. R1c2 R2d6 34. f3 Ke7 35. Rc7+ Kf6 36. R2c6 Ke6 37. Rxd6+ Rxd6 38. Rc5 f5 39. g4 g6 40. gxf5+ gxf5 41. g4 fxg4 42. fxg4 Kf6 43. Ke4 Re6+ 44. Kf3 Re5 45. Rc6+ Re6 46. Rxe6+ Kxe6 47. Ke4 Kf6 48. Kd5 Kg6 49. Ke6 Kg7 50. Kf5 Kh6 51. Kf6 Kh7 52. Kxg5 Kg7 53. Kf5 1-0

[Event "Montreal Mercredi 11"]
[Site "Montreal CAN"]
[Date "2007.11.21"]
[Round "1"]
[White "Maharisoa, Tantely"]
[Black "Chesnut, Walter"]
[Result "1-0"]
[WhiteElo "1510"]
[BlackElo "1428"]
[PlyCount "81"]
[GameId "2160767910566013"]
[EventDate "2007.11.21"]
[EventType "swiss"]
[EventRounds "5"]
[EventCountry "CAN"]
[SourceTitle "EXT 2022"]
[Source "ChessBase"]
[SourceDate "2021.10.06"]
[SourceVersion "1"]
[SourceVersionDate "2021.10.06"]
[SourceQuality "1"]

1. d4 d5 2. c4 c6 3. e3 Bf5 4. Nc3 e6 5. Nf3 Nf6 6. Be2 Bd6 7. O-O Nbd7 8. b3 O-O 9. Bb2 e5 10. cxd5 exd4 11. Qxd4 cxd5 12. Nxd5 Bc5 13. Nxf6+ Qxf6 14. Qd2 Qh6 15. Rfd1 Rfd8 16. Qd5 Bg4 17. Ne5 Nxe5 18. Qxd8+ Rxd8 19. Rxd8+ Bf8 20. Bxg4 Qf6 21. Rd2 Qe7 22. Be2 h6 23. Rad1 Kh7 24. Rd5 Ng6 25. Rd7 Qc5 26. Bc4 Ne5 27. R7d5 Nxc4 28. Rxc5 Nxb2 29. Rcc1 Nxd1 30. Rxd1 Kg6 31. Rd7 a5 32. Rxb7 Bb4 33. Rb5 f5 34. f4 Kf6 35. Rb6+ Ke7 36. h4 Bc5 37. Rb7+ Kf6 38. Kf2 Kg6 39. Rb5 Bb4 40. Rb6+ Kh5 41. g3 1-0

[Event "Montreal Mercredi 11"]
[Site "Montreal CAN"]
[Date "2007.11.21"]
[Round "1"]
[White "Perreault, Jacques"]
[Black "Marquis, Gerald"]
[Result "0-1"]
[WhiteElo "1585"]
[BlackElo "1516"]
[PlyCount "76"]
[GameId "2160767910566014"]
[EventDate "2007.11.21"]
[EventType "swiss"]
[EventRounds "5"]
[EventCountry "CAN"]
[SourceTitle "EXT 2022"]
[Source "ChessBase"]
[SourceDate "2021.10.06"]
[SourceVersion "1"]
[SourceVersionDate "2021.10.06"]
[SourceQuality "1"]

1. c4 Nf6 2. Nf3 c6 3. g3 d5 4. b3 g6 5. cxd5 cxd5 6. Bb2 Bg7 7. Bg2 O-O 8. O-O Nc6 9. d3 Re8 10. Nbd2 Bf5 11. Nh4 Bg4 12. h3 Be6 13. f4 Qb6+ 14. Kh2 Qe3 15. Rf3 Qb6 16. Kh1 Nd4 17. Rf1 Nh5 18. g4 Ng3+ 19. Kh2 Nxf1+ 20. Qxf1 Nc2 21. Bxg7 Kxg7 22. f5 Ne3 23. Qf4 Nxg2 24. Kxg2 Bd7 25. g5 Qd6 26. f6+ Kg8 27. Nxg6 hxg6 28. Qh4 exf6 29. Nf3 f5 30. Nd4 Qe5 31. Re1 f4 32. Nf3 Qf5 33. Nd4 Qe5 34. Nf3 Qd6 35. d4 Re3 36. Qh6 Rae8 37. Nh4 R8e6 38. Nf3 Rxe2+ 0-1

[Event "Montreal Mercredi 11"]
[Site "Montreal CAN"]
[Date "2007.11.21"]
[Round "1"]
[White "Robillard, Guillaume"]
[Black "Ameur, Nadji"]
[Result "1-0"]
[WhiteElo "1686"]
[BlackElo "1673"]
[PlyCount "77"]
[GameId "2160767910566015"]
[EventDate "2007.11.21"]
[EventType "swiss"]
[EventRounds "5"]
[EventCountry "CAN"]
[SourceTitle "EXT 2022"]
[Source "ChessBase"]
[SourceDate "2021.10.06"]
[SourceVersion "1"]
[SourceVersionDate "2021.10.06"]
[SourceQuality "1"]

1. e4 c5 2. Nf3 Nc6 3. Bb5 e6 4. O-O Qc7 5. Re1 Nge7 6. Nc3 a6 7. Bf1 Ng6 8. g3 Be7 9. d3 O-O 10. h4 Nge5 11. Ng5 Bxg5 12. Bxg5 f6 13. Bf4 Nd4 14. Bg2 d6 15. Rc1 b5 16. Nb1 Ng6 17. Be3 e5 18. c3 Nc6 19. d4 exd4 20. cxd4 c4 21. Nc3 Nb4 22. e5 Rb8 23. exd6 Qxd6 24. Ne4 Qd8 25. h5 Ne7 26. Nc5 Nxa2 27. Ra1 Nb4 28. Bf4 Rb6 29. Bd2 Ned5 30. Bxd5+ Nxd5 31. Ba5 Bh3 32. Qf3 Qd6 33. Bxb6 Nxb6 34. Qe4 Kh8 35. Rxa6 f5 36. Qe7 Qb8 37. Rxb6 Qa8 38. Rb7 Rg8 39. h6 1-0

[Event "Montreal Mercredi 11"]
[Site "Montreal CAN"]
[Date "2007.11.21"]
[Round "1"]
[White "Teasdale, Alain"]
[Black "Fortin-Lavoie, Patrice"]
[Result "1-0"]
[WhiteElo "1459"]
[BlackElo "1455"]
[PlyCount "113"]
[GameId "2160767910566016"]
[EventDate "2007.11.21"]
[EventType "swiss"]
[EventRounds "5"]
[EventCountry "CAN"]
[SourceTitle "EXT 2022"]
[Source "ChessBase"]
[SourceDate "2021.10.06"]
[SourceVersion "1"]
[SourceVersionDate "2021.10.06"]
[SourceQuality "1"]

1. e4 c6 2. d4 d5 3. Nc3 Nf6 4. e5 Ne4 5. Nxe4 dxe4 6. Ne2 Bf5 7. Ng3 e6 8. Nxf5 exf5 9. Bc4 Nd7 10. a4 Nb6 11. Ba2 Nd5 12. O-O Be7 13. c3 O-O 14. Kh1 f6 15. exf6 Rxf6 16. Qh5 Qc7 17. Rg1 Rh6 18. Bxh6 gxh6 19. Qxf5 Qd6 20. Qxe4 Kf8 21. Qxh7 Ke8 22. Qg8+ Bf8 23. Rae1+ Kd7 24. Qf7+ Be7 25. Bxd5 cxd5 26. Qf5+ Kc7 27. Re6 Rf8 28. Qxf8 Qxe6 29. Qf4+ Bd6 30. Qh4 Qe2 31. b3 Qc2 32. Qxh6 Qxf2 33. Qg7+ Kc6 34. Qg4 a6 35. Qc8+ Bc7 36. b4 Qb2 37. Qe8+ Kb6 38. b5 Qxc3 39. bxa6 bxa6 40. Qe6+ Ka5 41. Qxd5+ Kxa4 42. Qa2+ Qa3 43. Qxa3+ Kxa3 44. Ra1+ Kb3 45. Rxa6 Kc4 46. Rc6+ Kxd4 47. Rxc7 Ke5 48. Kg1 Kf5 49. Kf2 Kg5 50. Kf3 Kg6 51. Kf4 Kf6 52. Rc6+ Kg7 53. Kf5 Kh7 54. Rg6 Kh8 55. Kf6 Kh7 56. Kf7 Kh8 57. Rh6# 1-0

[Event "Montreal Mercredi 11"]
[Site "Montreal CAN"]
[Date "2007.11.28"]
[Round "2"]
[White "Antoine, Vladimir"]
[Black "Robillard, Guillaume"]
[Result "1-0"]
[WhiteElo "1612"]
[BlackElo "1686"]
[PlyCount "52"]
[GameId "2160767910566019"]
[EventDate "2007.11.21"]
[EventType "swiss"]
[EventRounds "5"]
[EventCountry "CAN"]
[SourceTitle "EXT 2022"]
[Source "ChessBase"]
[SourceDate "2021.10.06"]
[SourceVersion "1"]
[SourceVersionDate "2021.10.06"]
[SourceQuality "1"]

1. e4 c5 2. Nc3 d6 3. g3 Nc6 4. Bg2 g6 5. d3 Bg7 6. Be3 Nf6 7. h3 Bd7 8. f4 Qa5 9. Nge2 h5 10. O-O O-O-O 11. a3 Kb8 12. Qd2 h4 13. g4 Nd4 14. e5 Nxe2+ 15. Qxe2 Ne8 16. b4 Qa6 17. bxc5 dxe5 18. Rab1 Bc6 19. fxe5 Bxe5 20. Bf4 Bxf4 21. Rxf4 Bxg2 22. Qxg2 f6 23. Rfb4 Rd7 24. c6 Rc7 25. Rxb7+ Rxb7 26. Rxb7+ Kc8 1-0

[Event "Montreal Mercredi 11"]
[Site "Montreal CAN"]
[Date "2007.11.28"]
[Round "2"]
[White "Guindon, Alex"]
[Black "Berthiaume, Yves"]
[Result "1/2-1/2"]
[WhiteElo "1350"]
[BlackElo "1335"]
[PlyCount "105"]
[GameId "2160767910566021"]
[EventDate "2007.11.21"]
[EventType "swiss"]
[EventRounds "5"]
[EventCountry "CAN"]
[SourceTitle "EXT 2022"]
[Source "ChessBase"]
[SourceDate "2021.10.06"]
[SourceVersion "1"]
[SourceVersionDate "2021.10.06"]
[SourceQuality "1"]

1. d4 d5 2. Nf3 c5 3. e3 Nc6 4. c3 Qb6 5. Bd3 cxd4 6. exd4 e6 7. O-O Bd6 8. Re1 Nf6 9. Nbd2 O-O 10. Ne5 h6 11. Nb3 Qc7 12. Bf4 b6 13. Qf3 Nd7 14. Qg3 f6 15. Bxh6 Ndxe5 16. dxe5 Nxe5 17. Bf4 Nf3+ 18. Qxf3 Bxf4 19. Qh3 Bh6 20. Qh5 Rd8 21. Nd4 e5 22. Nf5 Bxf5 23. Bxf5 Rd6 24. Rad1 Rad8 25. Rd3 Qf7 26. Bg6 Qc7 27. Rg3 d4 28. Bf5 Kf8 29. Qe2 Qe7 30. cxd4 Rxd4 31. Rd3 Qc5 32. Red1 a5 33. a4 Rxd3 34. Rxd3 Qc1+ 35. Qf1 Rxd3 36. Qxc1 Bxc1 37. Bxd3 Bxb2 38. f3 Ke7 39. Kf1 Kd6 40. Ke2 Bd4 41. g4 Bg1 42. h4 Bh2 43. Ke3 Bf4+ 44. Ke4 Kc5 45. Bb5 Bc1 46. Kf5 Kd4 47. g5 fxg5 48. hxg5 Bf4 49. g6 Ke3 50. Bc6 Kd4 51. Ke6 Kc5 52. Bb5 Kd4 53. Bc6 1/2-1/2

[Event "Montreal Mercredi 11"]
[Site "Montreal CAN"]
[Date "2007.11.28"]
[Round "2"]
[White "Landry, Martin"]
[Black "Ameur, Nadji"]
[Result "1-0"]
[WhiteElo "1608"]
[BlackElo "1673"]
[PlyCount "79"]
[GameId "2160767910566022"]
[EventDate "2007.11.21"]
[EventType "swiss"]
[EventRounds "5"]
[EventCountry "CAN"]
[SourceTitle "EXT 2022"]
[Source "ChessBase"]
[SourceDate "2021.10.06"]
[SourceVersion "1"]
[SourceVersionDate "2021.10.06"]
[SourceQuality "1"]

1. d4 Nf6 2. c4 e6 3. Nc3 Bb4 4. a3 Bxc3+ 5. bxc3 O-O 6. Qc2 c6 7. e4 d5 8. e5 Ne4 9. Bd3 f5 10. Nf3 Qa5 11. Bb2 c5 12. O-O cxd4 13. cxd4 Bd7 14. Bxe4 dxe4 15. Nd2 Nc6 16. Bc3 Qc7 17. Qb2 a5 18. d5 Nb8 19. Rab1 b5 20. d6 Qc8 21. cxb5 Bxb5 22. Rfe1 Bd3 23. Rbc1 Qa6 24. Qb3 Kf7 25. Bd4 Nc6 26. Bb6 Qb5 27. Qxb5 Bxb5 28. Rc5 Ba4 29. Nc4 Nd4 30. Rc7+ Kg8 31. Bxd4 Rfd8 32. Nb6 Be8 33. Nxa8 Rxa8 34. d7 Bxd7 35. Rxd7 Ra6 36. Rc1 h5 37. Rc8+ Kh7 38. Rcc7 Kh6 39. Be3+ g5 40. Rh7+ 1-0

[Event "Montreal Mercredi 11"]
[Site "Montreal CAN"]
[Date "2007.11.28"]
[Round "2"]
[White "Maharisoa, Tantely"]
[Black "Bolduc, Rene"]
[Result "1-0"]
[WhiteElo "1510"]
[BlackElo "1470"]
[PlyCount "63"]
[GameId "2160767910566023"]
[EventDate "2007.11.21"]
[EventType "swiss"]
[EventRounds "5"]
[EventCountry "CAN"]
[SourceTitle "EXT 2022"]
[Source "ChessBase"]
[SourceDate "2021.10.06"]
[SourceVersion "1"]
[SourceVersionDate "2021.10.06"]
[SourceQuality "1"]

1. d4 d5 2. c4 dxc4 3. Nf3 Nf6 4. e3 Bg4 5. Bxc4 e6 6. Nc3 c6 7. a3 Nbd7 8. b4 Be7 9. O-O Nd5 10. Bb2 O-O 11. Rc1 Bd6 12. e4 N5b6 13. Bb3 Bf4 14. Rc2 Qf6 15. Qd3 Qh6 16. g3 Qh5 17. Nh4 Bh3 18. Ng2 Bh6 19. f4 Nf6 20. Rcf2 Ng4 21. Qf3 g6 22. Rd2 Rfe8 23. Re1 g5 24. Ne2 f5 25. e5 Nd5 26. Bxd5 cxd5 27. Rc2 Bxg2 28. Kxg2 Qxh2+ 29. Kf1 Qh3+ 30. Kg1 gxf4 31. Nxf4 Kh8 32. Nxh3 1-0

[Event "Montreal Mercredi 11"]
[Site "Montreal CAN"]
[Date "2007.11.28"]
[Round "2"]
[White "Perreault, Jacques"]
[Black "Lemieux, Serge"]
[Result "0-1"]
[WhiteElo "1585"]
[BlackElo "1536"]
[PlyCount "108"]
[GameId "2160767910566024"]
[EventDate "2007.11.21"]
[EventType "swiss"]
[EventRounds "5"]
[EventCountry "CAN"]
[SourceTitle "EXT 2022"]
[Source "ChessBase"]
[SourceDate "2021.10.06"]
[SourceVersion "1"]
[SourceVersionDate "2021.10.06"]
[SourceQuality "1"]

1. Nf3 d6 2. d4 Nf6 3. c4 Bg4 4. Qb3 Qc8 5. h3 Bh5 6. Bf4 Nbd7 7. Nbd2 e6 8. g4 Bg6 9. Nh4 Be7 10. Bg2 Rb8 11. a4 O-O 12. Nxg6 fxg6 13. Qg3 Qe8 14. Nf3 Ne4 15. Qh2 g5 16. Be3 h6 17. Nd2 Nxd2 18. Bxd2 c5 19. Bc3 Qf7 20. O-O Kh8 21. e3 d5 22. f4 Qg8 23. f5 dxc4 24. Qc7 Rfd8 25. Bxb7 Bf6 26. Ba6 cxd4 27. exd4 Nb6 28. fxe6 Qxe6 29. Rxf6 gxf6 30. Re1 Qd7 31. Re7 Qxc7 32. Rxc7 Nd5 33. Rxa7 Nxc3 34. bxc3 Ra8 35. Rxa8 Rxa8 36. Bb5 Kg7 37. Kf2 Kf8 38. Ke3 Ke7 39. Ke4 h5 40. d5 hxg4 41. hxg4 Rc8 42. Bc6 Rc7 43. Kd4 Kd6 44. Kxc4 f5 45. gxf5 g4 46. Kd4 Re7 47. c4 Re1 48. c5+ Kc7 49. a5 g3 50. a6 g2 51. a7 g1=Q+ 52. Kc4 Re4+ 53. Kb5 Qb1+ 54. Ka5 Qa2+ 0-1

[Event "Montreal Mercredi 11"]
[Site "Montreal CAN"]
[Date "2007.12.05"]
[Round "3"]
[White "Ameur, Nadji"]
[Black "Antoine, Vladimir"]
[Result "1-0"]
[WhiteElo "1673"]
[BlackElo "1612"]
[PlyCount "37"]
[GameId "2160767910566025"]
[EventDate "2007.11.21"]
[EventType "swiss"]
[EventRounds "5"]
[EventCountry "CAN"]
[SourceTitle "EXT 2022"]
[Source "ChessBase"]
[SourceDate "2021.10.06"]
[SourceVersion "1"]
[SourceVersionDate "2021.10.06"]
[SourceQuality "1"]

1. d4 d5 2. c4 c6 3. Nc3 Nf6 4. Nf3 dxc4 5. a4 Bf5 6. Nh4 e6 7. Nxf5 exf5 8. e3 Bd6 9. Bxc4 O-O 10. O-O Nbd7 11. Qf3 Ng4 12. g3 Qf6 13. e4 Qxd4 14. Qxf5 Nde5 15. Be2 Nf6 16. Rd1 Qc5 17. Be3 Qb4 18. Rab1 Bb8 19. f4 1-0

[Event "Montreal Mercredi 11"]
[Site "Montreal CAN"]
[Date "2007.12.05"]
[Round "3"]
[White "Beaupre, Claude"]
[Black "Coupal, Gerald"]
[Result "1-0"]
[WhiteElo "1319"]
[BlackElo "1316"]
[PlyCount "70"]
[GameId "2160767910566026"]
[EventDate "2007.11.21"]
[EventType "swiss"]
[EventRounds "5"]
[EventCountry "CAN"]
[SourceTitle "EXT 2022"]
[Source "ChessBase"]
[SourceDate "2021.10.06"]
[SourceVersion "1"]
[SourceVersionDate "2021.10.06"]
[SourceQuality "1"]

1. d4 f5 2. f4 Nf6 3. e3 e6 4. a3 g6 5. Bd3 Bg7 6. Nf3 O-O 7. O-O b6 8. Nc3 d5 9. Bd2 Ba6 10. Bxa6 Nxa6 11. Qe2 Nb8 12. Ne5 c5 13. Be1 Ne4 14. Nxe4 dxe4 15. dxc5 bxc5 16. Bc3 Qc8 17. Rfd1 Nc6 18. Nxc6 Qxc6 19. Bxg7 Kxg7 20. Rd2 Rfd8 21. Rad1 Qc7 22. Qc4 Rxd2 23. Rxd2 Rd8 24. Qc3+ Kf7 25. Rxd8 Qxd8 26. Qxc5 Qb6 27. Qxb6 axb6 28. c4 Ke7 29. b4 Kd6 30. a4 Kc6 31. Kf2 b5 32. axb5+ Kb6 33. Ke2 h6 34. Kd2 g5 35. g3 h5 1-0

[Event "Montreal Mercredi 11"]
[Site "Montreal CAN"]
[Date "2007.12.05"]
[Round "3"]
[White "Berthiaume, Yves"]
[Black "Wensel, Jean"]
[Result "1-0"]
[WhiteElo "1335"]
[BlackElo "1308"]
[PlyCount "102"]
[GameId "2160767910566027"]
[EventDate "2007.11.21"]
[EventType "swiss"]
[EventRounds "5"]
[EventCountry "CAN"]
[SourceTitle "EXT 2022"]
[Source "ChessBase"]
[SourceDate "2021.10.06"]
[SourceVersion "1"]
[SourceVersionDate "2021.10.06"]
[SourceQuality "1"]

1. e4 e5 2. Bc4 Nf6 3. d3 c6 4. Bb3 Be7 5. Nf3 O-O 6. Nxe5 Qa5+ 7. Nc3 Qxe5 8. f4 Qa5 9. Bd2 Qb6 10. Qe2 Bb4 11. O-O-O d6 12. h3 Be6 13. Bxe6 fxe6 14. e5 dxe5 15. Qxe5 Re8 16. g4 Nbd7 17. Qe2 Nd5 18. Nxd5 exd5 19. Qg2 Bxd2+ 20. Qxd2 Qe3 21. g5 Kf7 22. f5 Re5 23. g6+ hxg6 24. fxg6+ Kxg6 25. Rhg1+ Kf7 26. h4 Rae8 27. h5 Qxd2+ 28. Kxd2 Rxh5 29. Rdf1+ Nf6 30. Kc3 Re2 31. Rf4 Rhh2 32. Rc1 g5 33. Rff1 g4 34. Rg1 Rhg2 35. Rgf1 g3 36. Rf3 Ref2 37. Re3 c5 38. d4 Rh2 39. Kb3 c4+ 40. Kb4 g2 41. Rg3 Rf1 42. Rxg2 Rxg2 43. Rxf1 Rxc2 44. Ka3 Rd2 45. Rf4 Re2 46. Rf1 Ke6 47. Rh1 b5 48. Rh8 b4+ 49. Kxb4 Rxb2+ 50. Kc5 c3 51. Rf8 Rb6 1-0

[Event "Montreal Mercredi 11"]
[Site "Montreal CAN"]
[Date "2007.12.05"]
[Round "3"]
[White "Lemieux, Serge"]
[Black "Marquis, Gerald"]
[Result "1-0"]
[WhiteElo "1536"]
[BlackElo "1516"]
[PlyCount "61"]
[GameId "2160767910566028"]
[EventDate "2007.11.21"]
[EventType "swiss"]
[EventRounds "5"]
[EventCountry "CAN"]
[SourceTitle "EXT 2022"]
[Source "ChessBase"]
[SourceDate "2021.10.06"]
[SourceVersion "1"]
[SourceVersionDate "2021.10.06"]
[SourceQuality "1"]

1. d4 d5 2. c4 e6 3. Nf3 c6 4. Nc3 Nf6 5. Bg5 Nbd7 6. e3 Qa5 7. Bxf6 Nxf6 8. Nd2 Bb4 9. Qc2 O-O 10. Bd3 Re8 11. O-O dxc4 12. Nxc4 Qg5 13. Ne5 Bd6 14. f4 Qh6 15. Rf3 g6 16. Rh3 Qg7 17. Ne4 Nxe4 18. Bxe4 Re7 19. Rf1 Bd7 20. Nxd7 Rxd7 21. g4 Rf8 22. Qg2 f5 23. gxf5 exf5 24. Bc2 Re7 25. Bb3+ Kh8 26. Rff3 h6 27. Rhg3 Kh7 28. h4 c5 29. h5 cxd4 30. Rxg6 Qh8 31. Rxh6+ 1-0

[Event "Montreal Mercredi 11"]
[Site "Montreal CAN"]
[Date "2007.12.05"]
[Round "3"]
[White "Robillard, Guillaume"]
[Black "Forget, Luc"]
[Result "1-0"]
[WhiteElo "1686"]
[BlackElo "1987"]
[PlyCount "55"]
[GameId "2160767910566029"]
[EventDate "2007.11.21"]
[EventType "swiss"]
[EventRounds "5"]
[EventCountry "CAN"]
[SourceTitle "EXT 2022"]
[Source "ChessBase"]
[SourceDate "2021.10.06"]
[SourceVersion "1"]
[SourceVersionDate "2021.10.06"]
[SourceQuality "1"]

1. e4 e5 2. Nf3 Nc6 3. Bb5 a6 4. Ba4 Nf6 5. O-O Be7 6. Qe2 b5 7. Bb3 O-O 8. d3 d6 9. c3 Na5 10. Bc2 c5 11. Rd1 Qc7 12. Nbd2 Rb8 13. Nf1 Bg4 14. h3 Bxf3 15. Qxf3 b4 16. Bg5 Nc6 17. Ne3 Qd8 18. Ba4 Rc8 19. Nf5 Ne8 20. Nxe7+ Nxe7 21. Qg3 a5 22. d4 f6 23. Bxe8 Rxe8 24. Bxf6 g6 25. dxe5 Rf8 26. Rxd6 Qc7 27. Rad1 Rcd8 28. Qh4 1-0

[Event "Montreal Mercredi 11"]
[Site "Montreal CAN"]
[Date "2007.12.05"]
[Round "3"]
[White "Teasdale, Alain"]
[Black "Maharisoa, Tantely"]
[Result "1-0"]
[WhiteElo "1459"]
[BlackElo "1510"]
[PlyCount "106"]
[GameId "2160767910566030"]
[EventDate "2007.11.21"]
[EventType "swiss"]
[EventRounds "5"]
[EventCountry "CAN"]
[SourceTitle "EXT 2022"]
[Source "ChessBase"]
[SourceDate "2021.10.06"]
[SourceVersion "1"]
[SourceVersionDate "2021.10.06"]
[SourceQuality "1"]

1. e4 c5 2. Nf3 Nc6 3. d4 cxd4 4. Nxd4 Nf6 5. Nc3 a6 6. Be2 e5 7. Nb3 Be7 8. Be3 b5 9. a3 d6 10. O-O O-O 11. f4 Bb7 12. Qe1 b4 13. axb4 Nxb4 14. Bd3 Ng4 15. Na5 Bc8 16. Bc1 Nxd3 17. cxd3 Bh4 18. g3 Qb6+ 19. Kg2 Bd8 20. Nd5 Qb5 21. Nc4 Be6 22. Nc3 Qc6 23. b3 f5 24. h3 Nf6 25. fxe5 dxe5 26. Nxe5 Qb7 27. Kh2 fxe4 28. Nxe4 Rc8 29. Nc4 Qxb3 30. Nxf6+ Bxf6 31. Qxe6+ Kh8 32. Qf5 Be7 33. Qe6 Qxd3 34. Rxf8+ Rxf8 35. Bf4 Bc5 36. Re1 Bf2 37. Re2 Bc5 38. h4 h6 39. Qe4 Qb3 40. Ne5 Rf6 41. Nd7 Rxf4 42. Qxf4 Qd3 43. Re8+ Kh7 44. Qe4+ Qxe4 45. Rxe4 Bd6 46. Ra4 a5 47. Rxa5 Kg8 48. Rd5 Be7 49. Kh3 g5 50. hxg5 Bxg5 51. Kg4 Kf7 52. Kf5 Ke7 53. Nc5 Kf7 1-0

[Event "Montreal Mercredi 11"]
[Site "Montreal CAN"]
[Date "2007.12.05"]
[Round "3"]
[White "Tong, Tan Guang"]
[Black "Guindon, Alex"]
[Result "1-0"]
[WhiteElo "1330"]
[BlackElo "1350"]
[PlyCount "45"]
[GameId "2160767910566031"]
[EventDate "2007.11.21"]
[EventType "swiss"]
[EventRounds "5"]
[EventCountry "CAN"]
[SourceTitle "EXT 2022"]
[Source "ChessBase"]
[SourceDate "2021.10.06"]
[SourceVersion "1"]
[SourceVersionDate "2021.10.06"]
[SourceQuality "1"]

1. e4 e5 2. Nf3 Nf6 3. Nxe5 d6 4. Nf3 Nxe4 5. d3 Nf6 6. Bg5 h6 7. Bh4 Be7 8. Be2 O-O 9. O-O Nc6 10. d4 Bf5 11. c3 Re8 12. Nbd2 Nh5 13. Bxe7 Rxe7 14. Nh4 Rxe2 15. Nxf5 Qe8 16. Ne3 Nf4 17. g3 Rxe3 18. fxe3 Qxe3+ 19. Kh1 Nd3 20. Qc2 Re8 21. Rf3 Ne1 22. Rxe3 Nxc2 23. Rxe8+ 1-0

[Event "Montreal Mercredi 11"]
[Site "Montreal CAN"]
[Date "2007.12.11"]
[Round "3"]
[White "Neumark-Gaudet, Zev"]
[Black "Millette, Sylvain"]
[Result "1-0"]
[WhiteElo "1428"]
[BlackElo "1662"]
[PlyCount "69"]
[GameId "2160767910566033"]
[EventDate "2007.11.21"]
[EventType "swiss"]
[EventRounds "5"]
[EventCountry "CAN"]
[SourceTitle "EXT 2022"]
[Source "ChessBase"]
[SourceDate "2021.10.06"]
[SourceVersion "1"]
[SourceVersionDate "2021.10.06"]
[SourceQuality "1"]

1. d4 Nf6 2. c4 g6 3. Bg5 d5 4. Bxf6 exf6 5. Nc3 Be6 6. c5 c6 7. e3 Nd7 8. Bd3 f5 9. Nge2 Nf6 10. b4 Ne4 11. Rb1 Bg7 12. b5 Bd7 13. Qb3 Qa5 14. O-O Nd2 15. Qb2 Nxf1 16. Kxf1 O-O 17. bxc6 Bxc6 18. Nf4 Rfd8 19. Qb3 Qc7 20. Kg1 Qd7 21. Be2 Bh6 22. Nd3 f6 23. Bf3 a6 24. Nb4 Kg7 25. Ncxd5 Bxd5 26. Nxd5 Rab8 27. Qb6 Qf7 28. Nc7 Qe7 29. Ne6+ Kh8 30. Nxd8 Rxd8 31. Qxb7 Qe8 32. Qxa6 Bxe3 33. Qxf6+ Kg8 34. Re1 Rxd4 35. Qxd4 1-0

[Event "Montreal Mercredi 11"]
[Site "Montreal CAN"]
[Date "2007.12.12"]
[Round "4"]
[White "Berthiaume, Yves"]
[Black "Tong, Tan Guang"]
[Result "0-1"]
[WhiteElo "1335"]
[BlackElo "1330"]
[PlyCount "86"]
[GameId "2160767910566034"]
[EventDate "2007.11.21"]
[EventType "swiss"]
[EventRounds "5"]
[EventCountry "CAN"]
[SourceTitle "EXT 2022"]
[Source "ChessBase"]
[SourceDate "2021.10.06"]
[SourceVersion "1"]
[SourceVersionDate "2021.10.06"]
[SourceQuality "1"]

1. e4 e5 2. Bc4 Nf6 3. d3 Bc5 4. Nc3 O-O 5. f4 d6 6. f5 c6 7. Bb3 b5 8. Qe2 a5 9. a3 Qb6 10. Nd1 Bxg1 11. Ne3 Bxe3 12. Bxe3 c5 13. O-O Nc6 14. c3 Bd7 15. Qf3 Rfb8 16. Qg3 Kh8 17. Qh3 Qd8 18. Bg5 Qe7 19. Bd5 b4 20. axb4 axb4 21. c4 Rxa1 22. Rxa1 Be8 23. Bxc6 Bxc6 24. b3 Ra8 25. Rxa8+ Bxa8 26. Qe3 h6 27. Bh4 Kh7 28. g4 Qe8 29. g5 Ng8 30. Qf3 f6 31. g6+ Kh8 32. Qd1 Bc6 33. Bf2 Qa8 34. Be3 Qa2 35. Kh1 Ne7 36. Kg1 Kg8 37. Qh5 Qb1+ 38. Kf2 Qc2+ 39. Kg1 Qxd3 40. Bxh6 Qxe4 41. Qh3 Qe1+ 42. Qf1 Qxf1+ 43. Kxf1 gxh6 0-1

[Event "Montreal Mercredi 11"]
[Site "Montreal CAN"]
[Date "2007.12.12"]
[Round "4"]
[White "Bolduc, Rene"]
[Black "Teasdale, Alain"]
[Result "0-1"]
[WhiteElo "1470"]
[BlackElo "1459"]
[PlyCount "64"]
[GameId "2160767910566036"]
[EventDate "2007.11.21"]
[EventType "swiss"]
[EventRounds "5"]
[EventCountry "CAN"]
[SourceTitle "EXT 2022"]
[Source "ChessBase"]
[SourceDate "2021.10.06"]
[SourceVersion "1"]
[SourceVersionDate "2021.10.06"]
[SourceQuality "1"]

1. d4 d5 2. c4 c6 3. Nf3 Nf6 4. Nc3 e6 5. Bg5 dxc4 6. e4 b5 7. e5 h6 8. Bh4 g5 9. exf6 gxh4 10. a4 Bb4 11. axb5 cxb5 12. Be2 Qxf6 13. O-O a6 14. Nxb5 Qe7 15. Ne5 Bb7 16. Nxf7 Rg8 17. Nbd6+ Bxd6 18. Nxd6+ Qxd6 19. Bh5+ Ke7 20. f3 h3 21. Bg4 hxg2 22. Re1 Bd5 23. Qc2 Rg7 24. Qd2 Nd7 25. Qxh6 Rag8 26. Bxe6 Bxe6 27. Re4 Nf6 28. Rf4 Rg6 29. Qh4 R8g7 30. Re1 Rh7 31. Qxh7+ Nxh7 32. Rf7+ Kxf7 0-1